Turing in

Gardado en:
Detalles Bibliográficos
Formato: Libro
Publicado: 1989
Các nhãn: Engadir etiqueta
Sen Etiquetas, Sexa o primeiro en etiquetar este rexistro!
Thư viện lưu trữ: Mạng thư viện Đại học Đà Nẵng
LEADER 00416nam a22001811a 4500
001 000038002
003 14297
005 20160412021211.0
008 160412s1989 000
082 |a 4A(07)1518 
245 |a Turing in  |c Mary Spratt 
260 |c 1989 
OWN |a LNN 
999 |a From the UDN01 
TYP |a Monograph 
980 |a Mạng thư viện Đại học Đà Nẵng